000 00464nam a2200157Ia 4500
008 240729s9999 xx 000 0 und d
022 _a2055-0391
245 0 _aJournal of Animal Science and Technology
260 _aKorea, Republic of
260 _bKorean Society of Animal Sciences and Technology
650 _a Animal culture
650 _aAgriculture
856 _uhttps://doaj.org/toc/d6202a00a2ab4fb3ab19b2eb78b9dcfd
942 _2ddc
942 _cDOAJEJ
999 _c65714
_d65714
945 _a1
_bMadushi Gamage
_c1
_dMadushi Gamage